Contratos de trabajo temporales y otros contratos modales: causas objetivas, fraude a la ley y desnaturalización (Registro nro. 22431)

000 -Cabecera (24)
Campo de control interno 01421nam a22003974a 4500
001 - Número de control
Campo de control ESSALUD
007 - Tipo material - Descripcion fisica - info general
Tipo material ta
008 - Códigos de longitud fija (40p)
Campo de control de longitud fija t2026 pe gr 00| 0 spa d
020 ## - INTERNATIONAL STANDARD BOOK NUMBER
ISBN 978-612-99165-4-5
040 ## - Origen de la Catalogacion
Origen de la Catalogacion ESSALUD
041 ## - Código de idioma (R)
Código de lengua del texto/banda sonora o título independiente (R) spa
043 ## - Pais ISO
País ISO pe
082 ## - Número de la Clasificación
Clasificación Dewey 348.891
Codigo Cutter P98
100 ## - Autor Personal
Autor Personal Puntriano Rosas, César
Término indicativo de función (R) autor
245 ## - Titulo
Titulo Contratos de trabajo temporales y otros contratos modales: causas objetivas, fraude a la ley y desnaturalización
250 ## - Mencion de edicion
Mencion de edicion 1 ed.
260 ## - Editorial
Ciudad Lima :
Nombre de la Editorial Praxis,
Fecha 2026
300 ## - Descripcion
Páginas 253 páginas
490 ## - Serie Colección
Serie Colección Derecho Civil. Biblioteca Especializada
650 ## - Temas - Descriptores
Temas - Descriptores CONTRATOS
9 (RLIN) 337
650 ## - Temas - Descriptores
Temas - Descriptores LEGISLACIÓN LABORAL
9 (RLIN) 43561
653 ## - Palabras Claves
Palabras Claves CONTRATO MODAL
653 ## - Palabras Claves
Palabras Claves CONTRATO TEMPORAL
653 ## - Palabras Claves
Palabras Claves DERECHO CIVIL
700 ## - Autor Personal
Autor Personal Valderrama Valderrama, Luis Ricardo
Término indicativo de función (R) autor
9 (RLIN) 49171
700 ## - Autor Personal
Autor Personal Gonzales Ramírez, Luis Álvaro
Término indicativo de función (R) autor
9 (RLIN) 20559
700 ## - Autor Personal
Autor Personal Aparcana Loza, Luis Darcy
Término indicativo de función (R) autor
9 (RLIN) 46915
700 ## - Autor Personal
Autor Personal Cornejo Cachay, Diego Leonel
Término indicativo de función (R) autor
9 (RLIN) 50471
700 ## - Autor Personal
Autor Personal Tarazona Pinedo, Manolo Narciso
Término indicativo de función (R) autor
9 (RLIN) 46427
700 ## - Autor Personal
Autor Personal González Salcedo, Fausto Victorio Martín
Término indicativo de función (R) autor
9 (RLIN) 50810
700 ## - Autor Personal
Autor Personal Llerena Flores, Imber Jesús
Término indicativo de función (R) autor
9 (RLIN) 48678
700 ## - Autor Personal
Autor Personal Gaitán Godoy, Juan Carlos
Término indicativo de función (R) autor
9 (RLIN) 52404
700 ## - Autor Personal
Autor Personal Baldeón Bedón, Luis Jesús
Término indicativo de función (R) autor
9 (RLIN) 46908
700 ## - Autor Personal
Autor Personal Abarca Rubianes, Carlos Rodrigo
Término indicativo de función (R) autor
9 (RLIN) 47302
942 ## - Datos personalizados Koha
Tipo de Documento Libros
Fecha procesamiento 2026-05-28
Documentalista AFC
Existencias
Fuente de Clasificacion Deterioro (estado) Colección Ubicacion permanente Ubicacion actual Fecha de Ingreso a la Biblioteca Origen de adquisicion Prestamos Codigo Código de barras Ultima fecha de verificacion Tipo de Item
    Colección General Biblioteca Central ESSALUD Biblioteca Central ESSALUD 28.05.2026 Donación   348.891/P98 10690 28.05.2026 Libros